Welcome to the Holygrace Academy Library

Please use search bar below to get started

WEBSTER'S NEW WORLD COLLEGE DICTIONARY (Record no. 2145)

MARC details
000 -LEADER
fixed length control field 00352nam a22001457a 4500
020 ## - INTERNATIONAL STANDARD BOOK NUMBER
ISBN 81-265-0136-7
082 ## - DEWEY DECIMAL CLASSIFICATION NUMBER
Classification number 030
Item number AGN/W
100 ## - MAIN ENTRY--AUTHOR NAME
Personal name AGNES, MICHAEL
245 ## - TITLE STATEMENT
Title WEBSTER'S NEW WORLD COLLEGE DICTIONARY
250 ## - EDITION STATEMENT
Edition statement FOURTH EDITION
260 ## - PUBLICATION, DISTRIBUTION, ETC. (IMPRINT)
Place of publication DELHI
Name of publisher WILEY DREAMTECH INDIA
Year of publication 2002
300 ## - PHYSICAL DESCRIPTION
Number of Pages 1716
650 ## - SUBJECT ADDED ENTRY--TOPICAL TERM
Topical Term DICTIONARY
Geographic subdivision INDIA
942 ## - ADDED ENTRY ELEMENTS (KOHA)
Koha item type Books
Holdings
Withdrawn status Lost status Collection code Home library Current library Shelving location Date acquired Source of acquisition Full call number Accession Number Koha item type
    Reference Main Library Main Library SHELF 1 G -DICTIONARY,THEASAURUS 08/10/2004 purchase 030 AGN/W 00917 Books